| 000 | 00693nam a2200217Ia 4500 | ||
|---|---|---|---|
| 008 | 160517s9999 xx 000 0 und d | ||
| 050 | _aHM 35 | ||
| 050 | _b.J35 2016 | ||
| 100 | _aJapor, Marycon Esther C. | ||
| 245 | 4 | _aThe factors that contribute to work-life balance and productivity of the employees of integrated technology process solution incorporated / | |
| 245 | _cMarycon Esther C. Japor. | ||
| 260 | _aLas PiƱas, Philippines : | ||
| 260 | _bSISC, | ||
| 260 | _c2016. | ||
| 300 | _a116 pages : | ||
| 300 | _billustrations ; | ||
| 300 | _c28 cm. | ||
| 500 | _aIncludes bibliographical references and appendices. | ||
| 521 | _aBusiness Administration | ||
| 942 | _cTH | ||
| 999 |
_c293982 _d293982 |
||